[Event "Aimchess Rapid Div 2 W"]
[Site "chess.com INT"]
[Date "2023.07.10"]
[Round "1.1"]
[White "Tabatabaei, M. Amin"]
[Black "Kovalenko, Igor"]
[Result "0-1"]
[WhiteTitle "GM"]
[BlackTitle "GM"]
[WhiteElo "2689"]
[BlackElo "2674"]
[WhiteFideId "12521213"]
[BlackFideId "14117908"]
[EventDate "2023.07.10"]
[EventType "k.o."]

1. d4 Nf6 2. c4 e6 3. Nf3 b6 4. g3 Ba6 5. b3 d5 6. Bg2 Bb4+ 7. Bd2 Bxd2+ 8. Qxd2
O-O 9. O-O c6 10. Ne5 Nfd7 11. Nd3 dxc4 12. Nb4 cxb3 13. Nxa6 Nxa6 14. axb3 Ndb8
15. b4 Nc7 16. Rc1 a5 17. bxa5 Nd5 18. a6 Qd7 19. e4 Ne7 20. d5 exd5 21. exd5
Nxd5 22. Bxd5 cxd5 23. Qd3 b5 24. Nc3 Rxa6 25. Rxa6 Nxa6 26. Qxb5 Qxb5 27. Nxb5
Rd8 28. Kf1 g6 29. Ke2 Kg7 30. Rd1 Nc5 31. Ke3 Ne6 32. Nd4 Kf6 33. Nxe6 fxe6 34.
f4 Ra8 35. Rd2 Ra3+ 36. Kf2 g5 37. Re2 h6 38. Kg2 gxf4 39. gxf4 h5 40. Re5 h4
41. Rh5 Ra2+ 42. Kh3 d4 43. Rh8 Kf5 44. Rf8+ Ke4 45. Rf6 d3 46. Rxe6+ Kxf4 47.
Rd6 Rd2 48. Rd8 Kf3 49. Rf8+ Ke3 50. Re8+ Kd4 51. Rh8 Re2 52. Rxh4+ Re4 53. Rh8
d2 54. Rd8+ Ke3 0-1

[Event "Aimchess Rapid Div 2 W"]
[Site "chess.com INT"]
[Date "2023.07.10"]
[Round "1.2"]
[White "Kovalenko, Igor"]
[Black "Tabatabaei, M. Amin"]
[Result "0-1"]
[WhiteTitle "GM"]
[BlackTitle "GM"]
[WhiteElo "2674"]
[BlackElo "2689"]
[WhiteFideId "14117908"]
[BlackFideId "12521213"]
[EventDate "2023.07.10"]
[EventType "k.o."]

1. d4 Nf6 2. Bf4 g6 3. Nf3 Bg7 4. e3 O-O 5. Be2 d6 6. h3 Nc6 7. O-O Nd7 8. Nc3
e5 9. Bg3 f5 10. Bh4 Bf6 11. Bxf6 Nxf6 12. dxe5 Nxe5 13. Qd4 Qe7 14. Rad1 Kg7
15. a4 Bd7 16. Qb4 a5 17. Qb3 Be6 18. Qa3 Nc4 19. Bxc4 Bxc4 20. Rfe1 Rae8 21. b3
Ba6 22. Qa1 Kg8 23. Qa2 Kh8 24. Qb2 Qg7 25. Nd5 Nxd5 26. Qxg7+ Kxg7 27. Rxd5 b6
28. Rdd1 Bb7 29. Nd4 Rf7 30. f3 g5 31. Kf2 Kg6 32. c4 d5 33. Nb5 dxc4 34. bxc4
h5 35. h4 g4 36. Kg3 gxf3 37. gxf3 Rxe3 38. Rxe3 f4+ 39. Kf2 fxe3+ 40. Kxe3
Rxf3+ 41. Kd4 Rf4+ 42. Kc3 Rxh4 43. Nxc7 Rh3+ 44. Kb2 Rf3 45. Rd6+ Rf6 46. Ne6
Kh6 0-1

[Event "Aimchess Rapid Div 2 W"]
[Site "chess.com INT"]
[Date "2023.07.10"]
[Round "1.3"]
[White "Tabatabaei, M. Amin"]
[Black "Kovalenko, Igor"]
[Result "1-0"]
[WhiteTitle "GM"]
[BlackTitle "GM"]
[WhiteElo "2689"]
[BlackElo "2674"]
[WhiteFideId "12521213"]
[BlackFideId "14117908"]
[EventDate "2023.07.10"]
[EventType "k.o."]

1. d4 Nf6 2. c4 e6 3. g3 c5 4. d5 exd5 5. cxd5 d6 6. Nc3 g6 7. Bg2 Bg7 8. Nf3
O-O 9. O-O Re8 10. Re1 Na6 11. e4 Bg4 12. h3 Bxf3 13. Qxf3 Nb4 14. Qd1 c4 15.
Bf1 Rc8 16. a3 Nd3 17. Bxd3 cxd3 18. Qxd3 Nd7 19. Bf4 Nc5 20. Qf3 g5 21. Bd2 Qf6
22. Qe3 h6 23. Rad1 Qg6 24. Qf3 Bxc3 25. Bxc3 Nxe4 26. Bd4 a6 27. Re2 Re7 28. g4
Rce8 29. b4 b5 30. Kg2 Kf8 31. Re3 f6 32. Qe2 h5 33. Re1 hxg4 34. hxg4 f5 35.
gxf5 Qf7 36. Rh1 Nf6 37. Re6 Ng8 38. Qg4 Rxe6 39. fxe6 Qf4 40. Qxf4+ gxf4 41.
Rh4 Rc8 42. Rxf4+ Ke8 43. Rg4 Ne7 44. Bf6 Kf8 45. Bxe7+ Kxe7 46. Rf4 Rg8+ 47.
Kf3 Rg5 48. Ke4 Re5+ 49. Kd4 Re2 50. Rf7+ Ke8 51. f4 Rd2+ 52. Ke4 Re2+ 53. Kf5 1-0

[Event "Aimchess Rapid Div 2 W"]
[Site "chess.com INT"]
[Date "2023.07.10"]
[Round "1.4"]
[White "Kovalenko, Igor"]
[Black "Tabatabaei, M. Amin"]
[Result "0-1"]
[WhiteTitle "GM"]
[BlackTitle "GM"]
[WhiteElo "2674"]
[BlackElo "2689"]
[WhiteFideId "14117908"]
[BlackFideId "12521213"]
[EventDate "2023.07.10"]
[EventType "k.o."]

1. c4 e6 2. Nf3 d5 3. g3 dxc4 4. Qa4+ Nd7 5. Bg2 a6 6. Qxc4 b5 7. Qc2 Bb7 8. a4
Ngf6 9. O-O c5 10. d3 Be7 11. Nc3 Qb6 12. axb5 axb5 13. Rxa8+ Bxa8 14. e4 O-O
15. h3 Rd8 16. Be3 e5 17. Ra1 Bc6 18. Qb3 h6 19. Nd2 Qb7 20. Nd5 Bd6 21. Rc1 Ne8
22. Qd1 Nc7 23. Nxc7 Qxc7 24. Nb3 Qa7 25. Qc2 f6 26. Nxc5 Bxc5 27. Bxc5 Nxc5 28.
Qxc5 Qxc5 29. Rxc5 Be8 30. Bf1 Rd4 31. f3 Rb4 32. Rc2 Kf7 33. Kf2 Ke6 34. Ke3
Kd6 35. Be2 g5 36. f4 Bd7 37. f5 Ra4 38. Rc1 Rb4 39. Rb1 Be8 40. Bd1 Bf7 41. b3
Rd4 42. b4 Kc7 43. Kd2 Kb6 44. Kc3 Rd7 45. Ra1 Rc7+ 46. Kd2 Ra7 47. Rc1 Rc7 48.
Rb1 Ra7 49. Bc2 Ra2 50. Kc3 Kc7 51. h4 g4 52. h5 Kd6 53. Rh1 Ke7 54. Rh4 Ra1 55.
Rxg4 Kf8 0-1

[Event "Aimchess Rapid Div 2 W"]
[Site "chess.com INT"]
[Date "2023.07.10"]
[Round "1.1"]
[White "Kevlishvili, Robby"]
[Black "Martinez Alcantara, Jose Eduardo"]
[Result "1/2-1/2"]
[WhiteTitle "GM"]
[BlackTitle "GM"]
[WhiteElo "2529"]
[BlackElo "2619"]
[WhiteFideId "1040634"]
[BlackFideId "3805662"]
[EventDate "2023.07.10"]
[EventType "k.o."]

1. e4 c5 2. c3 d6 3. d4 Nf6 4. Bd3 Qc7 5. h3 Nbd7 6. Nf3 e5 7. O-O Be7 8. Re1
O-O 9. Nbd2 cxd4 10. cxd4 exd4 11. Nxd4 Ne5 12. Bc2 Bd7 13. Nf1 Rac8 14. Ne3 g6
15. Bb3 Qb6 16. Nec2 a5 17. a3 Qa6 18. Bg5 Nd3 19. Re3 Nc5 20. Qf3 Nd5 21. Bxe7
Nxe7 22. Qf6 Nxb3 23. Rxb3 Ba4 24. Rc3 Rxc3 25. bxc3 Bxc2 26. Qxe7 Ba4 27. Rb1
Re8 28. Qc7 Rxe4 29. Rxb7 Be8 30. Rb6 Qd3 31. Rxd6 Qd2 32. Nf3 Qc1+ 33. Kh2 Qf4+
34. Kg1 Re6 35. Rxe6 Qxc7 36. Rxe8+ Kg7 37. Re3 Qc5 38. c4 Qxc4 39. g3 h6 40. h4
Qc6 41. Ne5 Qc1+ 42. Kg2 Qd1 43. Rd3 Qe2 44. Re3 Qb5 45. Nf3 Qb7 46. Kg1 f6 47.
Nd4 Kf7 48. Ne2 Qb1+ 49. Kg2 Qb7+ 50. Kg1 Qd7 51. Nf4 g5 52. hxg5 hxg5 53. Ne2
Qd5 54. g4 Qc4 55. f3 Qc5 56. Kf2 Qc2 57. Kf1 Qd1+ 58. Kf2 Qh1 59. Re4 Kg6 60.
a4 Kf7 61. Nd4 Qh2+ 62. Kf1 Qh1+ 63. Kf2 Qh2+ 64. Kf1 Qh1+ 65. Kf2 1/2-1/2

[Event "Aimchess Rapid Div 2 W"]
[Site "chess.com INT"]
[Date "2023.07.10"]
[Round "1.2"]
[White "Martinez Alcantara, Jose Eduardo"]
[Black "Kevlishvili, Robby"]
[Result "1-0"]
[WhiteTitle "GM"]
[BlackTitle "GM"]
[WhiteElo "2619"]
[BlackElo "2529"]
[WhiteFideId "3805662"]
[BlackFideId "1040634"]
[EventDate "2023.07.10"]
[EventType "k.o."]

1. e4 c5 2. Nf3 d6 3. Bb5+ Nd7 4. d4 cxd4 5. Nxd4 Nf6 6. O-O a6 7. Bd3 e6 8. c4
Be7 9. Nc3 O-O 10. Kh1 Ne5 11. f4 Nxd3 12. Qxd3 Qc7 13. f5 Bd7 14. Bd2 Rac8 15.
b3 Ng4 16. h3 Ne5 17. Qg3 Bf6 18. Nce2 Nc6 19. Bc3 Be5 20. Qe3 Nxd4 21. Nxd4 Qc5
22. Rad1 b5 23. f6 Bxf6 24. Rxf6 gxf6 25. Qf2 Rfd8 26. Rd3 Kf8 27. Qxf6 Qe5 28.
Qh6+ Ke8 29. Nf5 exf5 30. Bxe5 dxe5 31. Qf6 fxe4 32. Qxe5+ Be6 33. Rxd8+ Rxd8
34. cxb5 axb5 35. Qxb5+ Rd7 36. Qb8+ Rd8 37. Qb5+ Rd7 38. Qe5 Rd2 39. a4 Rd3 40.
a5 Rd5 41. Qb8+ Rd8 42. Qb5+ Kf8 43. Qb4+ Kg8 44. Qxe4 Bxb3 45. Qg4+ Kh8 46. Qg5
Ra8 47. Qg3 Be6 48. Qd6 Kg8 49. a6 Bc4 50. a7 Kg7 51. Qe5+ f6 52. Qc7+ Kg6 53.
Kh2 Bd5 54. Qd7 h5 55. Qxd5 Rxa7 56. Qe4+ Kh6 57. Qe3+ 1-0

[Event "Aimchess Rapid Div 2 W"]
[Site "chess.com INT"]
[Date "2023.07.10"]
[Round "1.3"]
[White "Kevlishvili, Robby"]
[Black "Martinez Alcantara, Jose Eduardo"]
[Result "1/2-1/2"]
[WhiteTitle "GM"]
[BlackTitle "GM"]
[WhiteElo "2529"]
[BlackElo "2619"]
[WhiteFideId "1040634"]
[BlackFideId "3805662"]
[EventDate "2023.07.10"]
[EventType "k.o."]

1. e4 c5 2. c3 d6 3. d4 Nf6 4. Bd3 Qc7 5. h3 e5 6. Nf3 Be7 7. O-O O-O 8. dxe5
dxe5 9. Qe2 h6 10. a4 Nc6 11. Nbd2 Be6 12. Nc4 Rad8 13. Nh4 a6 14. Ne3 Na5 15.
Nef5 Nb3 16. Rb1 Nxc1 17. Rbxc1 g6 18. Nxe7+ Qxe7 19. Bc4 Nh5 20. Bxe6 Qxh4 21.
Bc4 Nf4 22. Qf3 Rd2 23. b3 Rfd8 24. Rcd1 Qh5 25. Qxh5 gxh5 26. Bd5 Rxd1 27. Rxd1
Kg7 28. Kf1 b6 29. g3 Nxh3 30. Ke2 Ng5 31. a5 bxa5 32. Ra1 f5 33. Rxa5 Nxe4 34.
Bxe4 fxe4 35. Rxc5 Rd3 36. b4 Kf6 37. Rc6+ Kf5 38. Rxa6 Rxc3 39. Rxh6 Kg5 40.
Rh8 Rb3 41. Rb8 Kf5 42. b5 Rb2+ 43. Ke3 Rb3+ 44. Ke2 Rb2+ 45. Ke3 Rb3+ 46. Kd2
e3+ 47. fxe3 Ke4 48. b6 Rb2+ 49. Kc3 Rb1 50. Kc4 Kxe3 51. Kc5 e4 52. Rh8 Kf3 53.
Rxh5 Kxg3 54. Re5 Kf3 55. Kc6 e3 56. b7 e2 57. Rxe2 Kxe2 58. Kc7 Rb2 59. b8=Q
Rxb8 60. Kxb8 1/2-1/2

[Event "Aimchess Rapid Div 2 W"]
[Site "chess.com INT"]
[Date "2023.07.10"]
[Round "1.4"]
[White "Martinez Alcantara, Jose Eduardo"]
[Black "Kevlishvili, Robby"]
[Result "1-0"]
[WhiteTitle "GM"]
[BlackTitle "GM"]
[WhiteElo "2619"]
[BlackElo "2529"]
[WhiteFideId "3805662"]
[BlackFideId "1040634"]
[EventDate "2023.07.10"]
[EventType "k.o."]

1. e4 c5 2. Nf3 d6 3. Bb5+ Nd7 4. d4 cxd4 5. Nxd4 Nf6 6. O-O a6 7. Bd3 e6 8. c4
Be7 9. Nc3 O-O 10. Qe2 Ne5 11. b3 Qc7 12. Bb2 Nxd3 13. Qxd3 Re8 14. f4 b6 15.
Rae1 Bb7 16. Kh1 Rad8 17. Qg3 Bf8 18. Nf3 g6 19. Nd5 exd5 20. Bxf6 dxe4 21. Ng5
h6 22. f5 Rd7 23. Ne6 fxe6 24. Qxg6+ Rg7 25. Bxg7 1-0

[Event "Aimchess Rapid Div 2 W"]
[Site "chess.com INT"]
[Date "2023.07.10"]
[Round "1.1"]
[White "Maghsoodloo, Parham"]
[Black "Lazavik, Denis"]
[Result "1/2-1/2"]
[WhiteTitle "GM"]
[BlackTitle "GM"]
[WhiteElo "2719"]
[BlackElo "2553"]
[WhiteFideId "12539929"]
[BlackFideId "13515110"]
[EventDate "2023.07.10"]
[EventType "k.o."]

1. d4 Nf6 2. c4 e6 3. Nf3 d5 4. g3 Be7 5. Bg2 O-O 6. O-O dxc4 7. Qc2 a6 8. a4
Bd7 9. Qxc4 Bc6 10. Bg5 Nbd7 11. Nc3 h6 12. Bd2 a5 13. Rfd1 Bb4 14. Qb3 Qe7 15.
Bf4 Rac8 16. Nb5 Bd5 17. Qc2 Be4 18. Qc1 Nd5 19. Nc3 Bxf3 20. Bxf3 Nxf4 21. Qxf4
c6 22. h4 e5 23. Qc1 exd4 24. Rxd4 Nc5 25. Qc2 Rcd8 26. Rad1 Rxd4 27. Rxd4 Rd8
28. Qd1 Rxd4 29. Qxd4 Qd7 30. Qe5 Qd8 31. Qf4 Bxc3 32. bxc3 Qd1+ 33. Kg2 Qxa4
34. Qb8+ Kh7 35. Qc7 Qa2 36. h5 a4 37. Qe5 Ne6 38. Be4+ Kg8 39. Qb8+ Nf8 40.
Qxb7 a3 41. Bxc6 Qb2 42. Qa7 Qxc3 43. Bd5 Ne6 44. Qa8+ Nf8 45. e4 Qc5 46. Qe8
Qa7 47. Ba2 Qd7 48. Qa8 Qe7 49. f4 Qc7 50. Qxa3 Qc2+ 51. Kf3 Qd1+ 52. Ke3 Qe1+
53. Kd4 Qd1+ 54. Kc5 Qxh5+ 55. e5 Qf5 56. Qa7 g5 57. fxg5 hxg5 58. Kd6 Kg7 59.
Bd5 g4 60. Qc7 Ng6 61. Qc3 Kh7 62. Qb2 Qg5 63. Be4 Qd8+ 64. Kc5 Qc7+ 65. Kd5
Qd7+ 66. Kc4 Qc7+ 67. Kd3 Qd7+ 68. Ke3 Qa7+ 69. Qd4 Qa3+ 70. Bd3 Qc1+ 71. Ke2
Qg5 72. Qe3 Qh5 73. e6 Qh2+ 74. Kd1 Qh1+ 75. Kd2 Qg2+ 76. Ke1 Qh1+ 77. Ke2 Qg2+
78. Kd1 Qh1+ 79. Kd2 Qg2+ 80. Ke1 Qh1+ 81. Bf1 fxe6 82. Qxe6 Qf3 83. Qd7+ Kh6
84. Qd2+ Kg7 85. Qd7+ Kh6 86. Qd6 Qe3+ 87. Kd1 Qe5 88. Qxe5 Nxe5 89. Be2 Kg5 90.
Bxg4 Kxg4 91. Ke2 Kxg3 1/2-1/2

[Event "Aimchess Rapid Div 2 W"]
[Site "chess.com INT"]
[Date "2023.07.10"]
[Round "1.2"]
[White "Lazavik, Denis"]
[Black "Maghsoodloo, Parham"]
[Result "1-0"]
[WhiteTitle "GM"]
[BlackTitle "GM"]
[WhiteElo "2553"]
[BlackElo "2719"]
[WhiteFideId "13515110"]
[BlackFideId "12539929"]
[EventDate "2023.07.10"]
[EventType "k.o."]

1. d4 Nf6 2. c4 e6 3. Nf3 d5 4. g3 Be7 5. Bg2 O-O 6. O-O c6 7. Qc2 b6 8. Rd1
Nbd7 9. b3 Bb7 10. Nc3 Ba6 11. Bb2 Rc8 12. e4 dxc4 13. Nd2 cxb3 14. axb3 Nb8 15.
Nc4 Bb4 16. e5 Nd5 17. Ne4 Rc7 18. h4 h6 19. Qe2 Bc8 20. Qh5 Nd7 21. Rac1 f5 22.
exf6 N7xf6 23. Qe2 Ba6 24. Qc2 Nxe4 25. Bxe4 Rcf7 26. Ne5 Rf6 27. Ra1 Qc8 28.
Bh7+ Kh8 29. Ng6+ Rxg6 30. Bxg6 Bd6 31. Ba3 Bxa3 32. Rxa3 Rf6 33. Be4 Nb4 34.
Qd2 Qf8 35. Ra4 c5 36. dxc5 bxc5 37. Qd6 Be2 38. Qxf8+ Rxf8 39. Rc1 Bb5 40. Rxa7
Bd3 41. Bg2 Nc2 42. Rd7 Bh7 43. Rc7 Nd4 44. R1xc5 Ne2+ 45. Kf1 Nxg3+ 46. Ke1 Nf5
47. Rc8 Kg8 48. b4 Nxh4 49. Bh1 Bd3 50. Rxf8+ Kxf8 51. b5 Nf5 52. b6 Nd6 53. Rc6
Ke7 54. b7 Nxb7 55. Rc7+ Kf6 56. Rxb7 g5 57. Kd2 Bf5 58. Ke3 h5 59. Be4 h4 60.
Bxf5 exf5 61. f3 Kg6 62. Rb6+ Kh5 63. Rf6 h3 64. Kf2 f4 65. Kg1 g4 66. Rxf4 1-0

[Event "Aimchess Rapid Div 2 W"]
[Site "chess.com INT"]
[Date "2023.07.10"]
[Round "1.3"]
[White "Maghsoodloo, Parham"]
[Black "Lazavik, Denis"]
[Result "1/2-1/2"]
[WhiteTitle "GM"]
[BlackTitle "GM"]
[WhiteElo "2719"]
[BlackElo "2553"]
[WhiteFideId "12539929"]
[BlackFideId "13515110"]
[EventDate "2023.07.10"]
[EventType "k.o."]

1. e4 e5 2. Nf3 Nc6 3. Nc3 Nf6 4. h3 Bb4 5. Nd5 Nxd5 6. exd5 e4 7. dxc6 exf3 8.
Qxf3 dxc6 9. Bc4 Qe7+ 10. Kd1 O-O 11. Re1 Qd8 12. c3 Bd6 13. d3 b5 14. Bb3 Bb7
15. Kc2 a5 16. a4 b4 17. Bf4 c5 18. Qxb7 Bxf4 19. g3 Bd6 20. Re3 Rb8 21. Qd5 g6
22. Rae1 Kg7 23. h4 h5 24. Bc4 Qd7 25. Bb5 Qf5 26. Qxf5 gxf5 27. f4 Kf6 28. Kb3
Rg8 29. Kc4 Rg7 30. Rf3 Rbg8 31. Ree3 Rb8 32. Re8 Rxe8 33. Bxe8 Rg8 34. Re3 Be7
35. Bc6 Rb8 36. Bf3 bxc3 37. bxc3 Rb1 38. Bxh5 Ra1 39. Kb5 c6+ 40. Kxa5 Bd8+ 41.
Ka6 Rxa4+ 42. Kb7 Ba5 43. c4 Bc3 44. Re8 Bd4 45. Rf8 Ra3 46. Rxf7+ Ke6 47. Bg6
Bf6 48. h5 Rxd3 49. g4 Rb3+ 50. Kxc6 fxg4 51. h6 g3 52. h7 Rb8 53. f5+ Ke5 54.
Rd7 g2 55. Rd1 Kf4 56. Bf7 Rc8+ 57. Kb6 Rh8 58. Bg8 Bd4 59. f6 Bxf6 60. Kxc5 Bh4
61. Kb5 Bf2 62. c5 Bxc5 63. Kxc5 Kg3 64. Bd5 Rxh7 65. Rd3+ Kh2 66. Rd2 Rg7 67.
Kd4 Kh3 68. Bxg2+ Rxg2 69. Rxg2 Kxg2 1/2-1/2

[Event "Aimchess Rapid Div 2 W"]
[Site "chess.com INT"]
[Date "2023.07.10"]
[Round "1.4"]
[White "Lazavik, Denis"]
[Black "Maghsoodloo, Parham"]
[Result "1-0"]
[WhiteTitle "GM"]
[BlackTitle "GM"]
[WhiteElo "2553"]
[BlackElo "2719"]
[WhiteFideId "13515110"]
[BlackFideId "12539929"]
[EventDate "2023.07.10"]
[EventType "k.o."]

1. d4 Nf6 2. c4 e6 3. Nf3 d5 4. g3 Bb4+ 5. Bd2 a5 6. Bg2 O-O 7. Qc2 c6 8. O-O
Nbd7 9. Bxb4 axb4 10. Nbd2 b6 11. cxd5 cxd5 12. Rfc1 Ba6 13. e3 Qe7 14. Qb3 Rfc8
15. Ne1 h5 16. h3 e5 17. Nc2 exd4 18. exd4 h4 19. Qxb4 Qe2 20. g4 Re8 21. Re1
Qd3 22. Ne3 Bb7 23. Nf3 g6 24. Nxh4 Qa6 25. Nf3 Ne4 26. a4 Nf8 27. Ne5 Ne6 28.
f3 Nf6 29. Bf1 Qa7 30. Bb5 Nf4 31. Bxe8 Rxe8 32. Qd2 Nxh3+ 33. Kg2 Nf4+ 34. Kg3
Ne6 35. Ng2 b5 36. axb5 Qb6 37. Nf4 Ng7 38. Ned3 Rb8 39. Qb4 g5 40. Ng2 Qc7+ 41.
Ne5 Ne6 42. Rac1 Qd8 43. Ne3 Ng7 44. b6 Nfe8 45. Rh1 Qf6 46. Rh8+ Kxh8 47. Qf8+
Kh7 48. Rh1+ 1-0

[Event "Aimchess Rapid Div 2 W"]
[Site "chess.com INT"]
[Date "2023.07.10"]
[Round "1.1"]
[White "Paravyan, David"]
[Black "Flores, Diego"]
[Result "1-0"]
[WhiteTitle "GM"]
[BlackTitle "GM"]
[WhiteElo "2612"]
[BlackElo "2533"]
[WhiteFideId "4194985"]
[BlackFideId "108049"]
[EventDate "2023.07.10"]
[EventType "k.o."]

1. e4 e5 2. Nf3 Nc6 3. Bb5 a6 4. Ba4 Nf6 5. O-O Nxe4 6. d4 Be7 7. Re1 b5 8. Rxe4
d5 9. Nxe5 Nxe5 10. Rxe5 bxa4 11. Qe2 Be6 12. f4 Qd7 13. Nc3 Kf8 14. f5 Bxf5 15.
Rxd5 Bd6 16. Bf4 Re8 17. Bxd6+ cxd6 18. Qxa6 Bxc2 19. Qxd6+ Qxd6 20. Rxd6 a3 21.
bxa3 g6 22. Rc1 Bf5 23. a4 Kg7 24. Rc6 Rb8 25. Re1 Rhd8 26. d5 Rb2 27. Re7 g5
28. Re5 Bg6 29. Rxg5 Re8 30. h4 h5 31. d6 Rd2 32. Rd5 Re1+ 33. Kh2 Rxd5 34. Nxd5
Rd1 35. Rc5 1-0

[Event "Aimchess Rapid Div 2 W"]
[Site "chess.com INT"]
[Date "2023.07.10"]
[Round "1.2"]
[White "Flores, Diego"]
[Black "Paravyan, David"]
[Result "1/2-1/2"]
[WhiteTitle "GM"]
[BlackTitle "GM"]
[WhiteElo "2533"]
[BlackElo "2612"]
[WhiteFideId "108049"]
[BlackFideId "4194985"]
[EventDate "2023.07.10"]
[EventType "k.o."]

1. c4 c5 2. g3 g6 3. Bg2 Bg7 4. Nc3 Nc6 5. a3 Nf6 6. Rb1 O-O 7. b4 cxb4 8. axb4
a5 9. bxa5 Rxa5 10. Nf3 d5 11. cxd5 Nxd5 12. Nxd5 Qxd5 13. Bb2 Bxb2 14. Rxb2 Ra2
15. Qb1 Rxb2 16. Qxb2 Bg4 17. O-O Qd6 18. e3 Bxf3 19. Bxf3 Ne5 20. Be2 Qd5 21.
Rb1 Rc8 22. Qb4 e6 23. e4 Qd7 24. d4 Nc6 25. Qxb7 Qxb7 26. Rxb7 Nxd4 27. Bf1 Rc1
28. Kg2 Re1 29. Rd7 Nc6 30. f3 Rb1 31. Rd2 Kg7 32. Be2 Rb4 33. Kf2 h5 34. h4 Rb3
35. Rd6 Rc3 36. f4 Rc5 37. Rd7 Nb4 38. Rd4 Na2 39. Bc4 Nc3 40. Ke3 Nb5 41. Bxb5
Rxb5 42. Rd7 Rb3+ 43. Kf2 Rb2+ 44. Kf3 Rb3+ 45. Kf2 Rb2+ 46. Kf3 Rb3+ 47. Kf2 1/2-1/2

[Event "Aimchess Rapid Div 2 W"]
[Site "chess.com INT"]
[Date "2023.07.10"]
[Round "1.3"]
[White "Paravyan, David"]
[Black "Flores, Diego"]
[Result "0-1"]
[WhiteTitle "GM"]
[BlackTitle "GM"]
[WhiteElo "2612"]
[BlackElo "2533"]
[WhiteFideId "4194985"]
[BlackFideId "108049"]
[EventDate "2023.07.10"]
[EventType "k.o."]

1. e4 c5 2. Nf3 e6 3. d4 cxd4 4. Nxd4 a6 5. h3 b5 6. a4 b4 7. Bd3 Bb7 8. O-O Ne7
9. Be3 Nbc6 10. Nb3 Ng6 11. N1d2 Bd6 12. f4 O-O 13. e5 Bc7 14. Ne4 Nce7 15. Bc5
Nd5 16. Bxf8 Qxf8 17. Qh5 h6 18. g3 Ne3 19. Rf2 Bb6 20. a5 Ba7 21. Nd6 Bd5 22.
Nd2 Ne7 23. g4 f6 24. N2e4 f5 25. Ng3 fxg4 26. f5 exf5 27. Kh2 g6 28. Qh4 f4 29.
Rg1 g5 30. Qh5 fxg3+ 31. Kxg3 Bf3 32. hxg4 Qf4+ 33. Kh3 Nxg4 34. Bc4+ Kg7 0-1

[Event "Aimchess Rapid Div 2 W"]
[Site "chess.com INT"]
[Date "2023.07.10"]
[Round "1.4"]
[White "Flores, Diego"]
[Black "Paravyan, David"]
[Result "1/2-1/2"]
[WhiteTitle "GM"]
[BlackTitle "GM"]
[WhiteElo "2533"]
[BlackElo "2612"]
[WhiteFideId "108049"]
[BlackFideId "4194985"]
[EventDate "2023.07.10"]
[EventType "k.o."]

1. Nf3 Nf6 2. c4 c5 3. Nc3 Nc6 4. g3 d5 5. cxd5 Nxd5 6. Bg2 Nxc3 7. bxc3 e5 8.
O-O Be7 9. d3 O-O 10. Rb1 Qc7 11. Nd2 Be6 12. Qa4 Rac8 13. Nc4 b6 14. Qb5 Bd7
15. Qa6 Nb8 16. Qb7 Qxb7 17. Bxb7 Rc7 18. Bd5 Bc6 19. Ne3 Bg5 20. f4 exf4 21.
gxf4 Bf6 22. Bxc6 Nxc6 23. Nd5 Rd7 24. c4 Re8 25. e3 Ne7 26. Nxf6+ gxf6 27. Rb3
Nf5 28. Kf2 h5 29. Re1 Red8 30. Ke2 Re8 31. Kf2 Red8 32. Ke2 Re8 33. Kf2 1/2-1/2

[Event "Aimchess Rapid Div 2 W"]
[Site "chess.com INT"]
[Date "2023.07.10"]
[Round "1.5"]
[White "Paravyan, David"]
[Black "Flores, Diego"]
[Result "1-0"]
[WhiteTitle "GM"]
[BlackTitle "GM"]
[WhiteElo "2612"]
[BlackElo "2533"]
[WhiteFideId "4194985"]
[BlackFideId "108049"]
[EventDate "2023.07.10"]
[EventType "k.o."]

1. e4 c5 2. Nf3 e6 3. d4 cxd4 4. Nxd4 a6 5. a3 Qc7 6. c4 Nf6 7. Nc3 b6 8. Be3
Bb7 9. f3 Be7 10. Rc1 O-O 11. Be2 Nc6 12. O-O Bd6 13. Nxc6 Bxh2+ 14. Kh1 Bxc6
15. f4 Bg3 16. Qd3 Qd8 17. Kg1 Ne8 18. Bg4 Bh4 19. b4 Be7 20. Bd4 Nf6 21. Bf3
Qb8 22. e5 Ne8 23. f5 Bxf3 24. Rxf3 f6 25. Re1 fxe5 26. Bxe5 Bd6 27. fxe6 dxe6
28. Rxf8+ Kxf8 29. Qf3+ Kg8 30. Rf1 Ra7 31. Ne4 Qd8 32. Nxd6 Nxd6 33. Rd1 Rf7
34. Rxd6 Qh4 35. Qg3 Qe7 36. Qd3 Qg5 37. Rd8+ Rf8 38. Rxf8+ Kxf8 39. Qf3+ Kg8
40. Qa8+ Kf7 41. Qb7+ Kg6 42. Qxg7+ Kf5 43. Qxg5+ Kxg5 44. c5 Kf5 45. cxb6 1-0

[Event "Aimchess Rapid Div 2 W"]
[Site "chess.com INT"]
[Date "2023.07.10"]
[Round "1.1"]
[White "Saric, Ivan"]
[Black "Sevian, Samuel"]
[Result "0-1"]
[WhiteTitle "GM"]
[BlackTitle "GM"]
[WhiteElo "2657"]
[BlackElo "2698"]
[WhiteFideId "14508150"]
[BlackFideId "2040506"]
[EventDate "2023.07.10"]
[EventType "k.o."]

1. e4 e5 2. Nf3 Nc6 3. g3 Nf6 4. d3 d5 5. exd5 Nxd5 6. Bg2 Bb4+ 7. c3 Bd6 8. O-O
O-O 9. Nbd2 Nb6 10. a4 a5 11. Ne4 h6 12. d4 exd4 13. Nxd4 Nxd4 14. Qxd4 Be7 15.
Rd1 Qxd4 16. Rxd4 Be6 17. Bf4 Nd5 18. Rad1 Nxf4 19. gxf4 Bg4 20. Re1 Rad8 21.
Rxd8 Rxd8 22. Ng3 Bc5 23. Bxb7 Rb8 24. Re5 Bd6 25. Rb5 Bxf4 26. b4 Bd7 27. Rd5
Bd6 28. Ba6 axb4 29. cxb4 Bxa4 30. b5 Bb3 31. Rd4 Bc5 32. Rd3 Be6 33. Ne4 Bb6
34. Kg2 Kf8 35. f3 Ke7 36. Nc3 Rd8 37. Rxd8 Kxd8 38. Bb7 Ke7 39. Bc6 Kd6 40. f4
f5 41. Kf3 Bd4 42. Ne2 Bd5+ 43. Kg3 Bf6 44. Be8 g5 45. h3 Be4 46. Ng1 Ke7 47.
Bg6 Bb2 48. Nf3 Kf6 49. Be8 Ba3 50. h4 gxh4+ 51. Nxh4 Bd6 52. Nf3 Ke6 53. Bc6
Bd3 54. Nd4+ Kf6 55. Bd7 Bc5 56. Nf3 Ke7 57. Ne5 Be4 58. Bc6 Bb1 59. Kh4 Be3 60.
Kh5 Kf6 61. Nd7+ Kg7 62. Bd5 Bxf4 63. b6 cxb6 64. Nxb6 Bg5 65. Nc4 Bc2 66. Ne5
Bd1+ 67. Bf3 Bb3 68. Bc6 Kf6 69. Nd7+ Ke7 70. Ne5 Kd6 71. Nf3 Bf7# 0-1

[Event "Aimchess Rapid Div 2 W"]
[Site "chess.com INT"]
[Date "2023.07.10"]
[Round "1.2"]
[White "Sevian, Samuel"]
[Black "Saric, Ivan"]
[Result "1/2-1/2"]
[WhiteTitle "GM"]
[BlackTitle "GM"]
[WhiteElo "2698"]
[BlackElo "2657"]
[WhiteFideId "2040506"]
[BlackFideId "14508150"]
[EventDate "2023.07.10"]
[EventType "k.o."]

1. e4 c5 2. Nf3 d6 3. Bc4 Nf6 4. d3 Nc6 5. c3 e6 6. Bb3 Be7 7. O-O O-O 8. Re1 b5
9. Nbd2 Bb7 10. Nf1 Qc7 11. Ng3 Rfe8 12. d4 cxd4 13. cxd4 Rac8 14. Bd2 Na5 15.
Rc1 Qb6 16. Rxc8 Rxc8 17. Bc2 Nc4 18. Bc1 d5 19. e5 Ne4 20. Nxe4 dxe4 21. Bxe4
Bxe4 22. Rxe4 Qa6 23. Re2 Nb6 24. b3 Nd5 25. Rc2 Nc3 26. Qd3 Nxa2 27. Bg5 Rxc2
28. Qxc2 Nb4 29. Qc1 Bf8 30. h3 Qc6 31. Qxc6 Nxc6 32. Kf1 Na5 33. Nd2 h6 34. Be3
Bb4 35. Ke2 a6 36. Kd3 Bxd2 37. Kxd2 Nxb3+ 38. Kc3 Na5 39. Kb4 Nc4 40. Bc1 h5
41. Kc5 Kh7 42. g4 Kg6 43. f4 f5 44. exf6 gxf6 45. d5 exd5 46. f5+ Kf7 47. Kxd5
hxg4 48. hxg4 Ne5 49. g5 a5 50. gxf6 Nd3 51. Bd2 a4 52. Kd4 Nf2 53. Bb4 Kxf6 54.
Kc5 Nd3+ 55. Kxb5 Nxb4 56. Kxb4 Kxf5 57. Kxa4 1/2-1/2